000 00509nam a2200133Ia 4500
005 20260209120135.0
008 260209s9999||||xx |||||||||||||| ||und||
100 _aHely Ashwin Shah
245 0 _aInteraction and conflict between intellectual property rights and competition laws and policy : a critical study
260 _aBangaloreBangalore
_bNLSIU
_c2015
300 _a129 p. ; 25 cm.
700 _aDr. Varsha Vahini - GuideDr. Varsha Vahini - Guide
856 _uhttps://dans.nls.ac.in/handle/123456789/1733
999 _c217210
_d217210